Орфей (Запис номер 488640)
[ съкратено ]
| 000 -Лидер | |
|---|---|
| Контролно поле с фиксирана дължина | 01458nam a2200301 a 4500 |
| 003 - Код на организацията, давaща контролен номер | |
| Контролно поле | BLK |
| 005 - Дата и час на последна редакция | |
| Контролно поле | 20240410123652.0 |
| 008 - Елементи от данни с фиксирана дължина | |
| fixed length control field | 200629b bu ||||| |||| 00| 0 bu d |
| 020 ## - Международен стандартен номер на книга ISBN | |
| Международен стандартен номер на книга ISBN | 9789540916729 |
| 040 ## - Източник на каталожния запис | |
| Идентификатор на билиотеката - собственик на записа | BLK |
| 041 ## - Код за език | |
| Код за езика на текст/звукозапис или на отделно заглавие | Български |
| Код за езика КДБФ | Български |
| 080 ## - УДК | |
| Текстов определител УДК | Българска литература |
| УДК код - определител по УДК | 821.163.2 |
| УДК определител | -14 |
| УДК - код + определител | 821.163.2-14 |
| 080 ## - УДК | |
| Текстов определител УДК | Антични религии |
| УДК код - определител по УДК | 255 |
| УДК определител | (398)-14 |
| УДК - код + определител | 255(398)-14 |
| 100 1# - Редна дума - Автор | |
| Автор | Гранитски, Иван |
| Пълна форма на името | Димитров, Иван Йорданов |
| Дати, свързани с автора | 1953- |
| Автор - информация (биография) | Журналист, литературен критик, теоретик и историк, поет, публицист и издател. |
| R(LIN) | 55767 |
| 139 ## - Редно поле | |
| Редна дума | Гранитски, Иван |
| Авторски знак | Гран - Г 77 |
| 245 ## - Сведения за заглавието | |
| Заглавие | Орфей |
| Подзаглавни данни | Мистична поема |
| Редно поле (дума) | Иван Гранитски; крит. комент. , студии, речник Иван Маразов. |
| 257 ## - Страна на издаване | |
| Страна на създаване/издаване | България |
| 260 ## - Област на издателските данни | |
| 9 (RLIN) | 209473 |
| Място на издаване, разпространение и проч. | София |
| Име на издателя, разпространителя и проч. | Захарий Стоянов |
| Година на издаване | 2022 |
| Печатница | Костинброд : Мултипринт |
| 300 ## - Физическа характеристика | |
| Страници | 503 с. |
| Илюстрации и др. | с цв. ил. |
| Размери/Мащаб | 24 см |
| 380 ## - Жанр | |
| Жанр | Худож. лит. |
| 500 ## - Общи забележки | |
| Забележка | Иван Гранитски - псевд. на авт. Иван Йорданов Димитров<br/>. |
| 650 #0 - Допълнително описание по предмет – тема | |
| 9 (RLIN) | 262984 |
| Основно описание – тема или топоним | Митология, тракийска |
| 653 #7 - Ключова дума – ненормативна | |
| 9 (RLIN) | 192985 |
| Ключова дума | Орфей |
| 700 ## - Други автори (авторска отговорност) | |
| 9 (RLIN) | 635 |
| Лично име | Маразов, Иван Русев |
| Автороска отговорност (Описва отношението между автора и произведението) | комент. |
| 856 ## - Електронен адрес и достъп | |
| Инструкция (цена за достъп) | 0.00 |
| Права за достъп | disable |
| 999 ## - СИСТЕМНИ КОНТРОЛНИ НОМЕРА | |
| Koha biblionumber | 488640 |
| Koha biblioitemnumber | 488640 |
| 942 ## - АРТИКУЛИ | |
| Вид на библиотечния материал | Книги |
| Скрит в OPAC | Не |
| Периодичен библиозапис | Да |
| Koha issues (borrowed), all copies | 7 |
| 944 ## - СЪЗДАВАНЕ И РЕДАКЦИЯ на ЗАПИСА | |
| Служител, извършил регистрацията/редакцията | 30576 |
| Статус, дата на статуса | Цветомила Тодорова |
| Код за отписване | Код за изгубен артикул | Източник на класификационната схема | Код за повреда | Коз за рестрикции | Код за отдаване | Артикулен № | Име на библиотеката - собственик | Име на библиотеката, в която се намира в момента | Статус (Текущо местоположение) | Дата на вписване в системата | Местоположение - отдел | Цена в лева | Систематично азбучна сигнатура | Баркод | Цена в евро | Служебен тип на артикула | Инвентарен номер |
|---|---|---|---|---|---|---|---|---|---|---|---|---|---|---|---|---|---|
| Не е изгубен | Universal Decimal Classification | Не е повреден | без рестрикции | заемане за дома | 923385 | Регионална библиотека "Любен Каравелов" Русе | Регионална библиотека "Любен Каравелов" Русе | Дубликат | 2023-02-21 | Заемна - подръчен фонд | 48.00 | 821.163.2-1/Г 77 И | 120000882841 | 24.54 | Книги | ||
| Не е изгубен | Universal Decimal Classification | Не е повреден | без рестрикции | заемане за дома | 923386 | Регионална библиотека "Любен Каравелов" Русе | Регионална библиотека "Любен Каравелов" Русе | Заемна - подръчен фонд | 2023-02-21 | Заемна - подръчен фонд | 48.00 | 821.163.2-1/Г 77 И | 120000882839 | 24.54 | Книги | ||
| Не е изгубен | Universal Decimal Classification | Не е повреден | без рестрикции | заемане за дома | 923387 | Регионална библиотека "Любен Каравелов" Русе | Регионална библиотека "Любен Каравелов" Русе | Заемна - подръчен фонд | 2023-02-21 | Заемна - подръчен фонд | 48.01 | 821.163.2-1/Г 77 И | 120000882840 | 24.55 | Книги | ||
| Не е изгубен | Universal Decimal Classification | Не е повреден | само за читалня | ползва се в читалня | 928207 | Регионална библиотека "Любен Каравелов" Русе | Регионална библиотека "Любен Каравелов" Русе | Хранилище | 2023-05-10 | Хранилище | 60.00 | Цб 317684 | 120000887386 | 30.68 | Книги | 120000887386 |